| 000 | 00581nam a22001457a 4500 | ||
|---|---|---|---|
| 020 | _a978-0-14-036681-5 | ||
| 082 |
_a823 _bDIC/G |
||
| 100 | _aDICKENS, CHARLES | ||
| 245 | _aGREAT EXPECTATIONS | ||
| 260 |
_aUNITED KINGDOM _bPUFFIN BOOKS |
||
| 300 | _a417 | ||
| 520 | _aGreat Expectations follows the childhood and young adult years of Pip a blacksmith's apprentice in a country village. He suddenly comes into a large fortune (his great expectations) from a mysterious benefactor and moves to London where he enters high society. | ||
| 650 |
_aNOVEL _zUNITED KINGDOM |
||
| 942 | _cBK | ||
| 999 |
_c3013 _d3013 |
||